| 000 | 00795nab a2200241 4500 | ||
|---|---|---|---|
| 003 | BR-BrBNA | ||
| 005 | 20250417115123.0 | ||
| 008 | 250417b bl.||||| |||| 00| 0 por d | ||
| 040 |
_aBR-BrBNA _bpor |
||
| 072 | _aF08 ; Q04 ; E70 ; E71 | ||
| 100 | _aAndrade, Lívia | ||
| 245 |
_aProcuram-se orgânicos _bAgroeconomia |
||
| 500 | _a3 illus. | ||
| 650 | _aALIMENTO ORGÂNICO | ||
| 650 | _aQUALIDADE DO ALIMENTO | ||
| 650 | _aDEMANDA EXTERNA | ||
| 650 | _aESCASSEZ DA OFERTA | ||
| 650 | _aCOMERCIALIZAÇÃO | ||
| 650 | _aEXPORTAÇÃO | ||
| 773 | 0 |
_01706 _9347837 _dSão Paulo-SP Editora Três Ltda - E-mail: luizfsa@revistadinheiro.com.br 2004 _o2025-0338 _tDinheiro Rural (Brazil) _x1807-3700 _gv. 4(28) p. 26-28; (Feb 2007) _wBR2025000742 |
|
| 942 | _cANA | ||
| 999 |
_c331096 _d331096 |
||